El mercado político y el Sistema electoral de D´Hont en Argentina (Registro nro. 23213)

Detalles MARC
000 -LEADER
fixed length control field 00362 a2200109 4500
001 - CONTROL NUMBER
control field ART_10705
005 - DATE AND TIME OF LATEST TRANSACTION
control field 20260410161831.0
008 - FIXED-LENGTH DATA ELEMENTS--GENERAL INFORMATION
fixed length control field 260409a
100 1# - MAIN ENTRY--PERSONAL NAME
Personal name Frediani, Ramón O.
245 10 - TITLE STATEMENT
Title El mercado político y el Sistema electoral de D´Hont en Argentina
773 0# - HOST ITEM ENTRY
Title Actualidad Económica
Related parts - Año XV, Nº 57 (jul./dic. 2005)
Record control number REV5083

No hay ítems disponibles.